00676nam a2200241 a 4500001001300000003000900013005001700022008004100039020001000080082002100090100001700111245004400128260003000172300000900202500003500211505001000246650002900256700001700285902000800302942000700310952010200317999001500419nice12345678IN_TiNIC20260116012411.0050524s1975 leia grp 000 0 eng  ac10000a305.6945097bTHU aThursby, G R aHindu-Muslim Relations in British India aLeidenbE. J. Brillc1975 a194p aincludes index and biblioraphy2 aIndex aIslam-Relations Hinduism1 aThursby, G R bSRS cBK 00104070aHMIbHMId2007-03-29g100.00l0o305.6945097 THUp013991r2007-03-29w2026-01-16yEB c6870d6870